[Event "Cappelle-la-Grande 2014"]
[Site "Cappelle-la-Grande (FRA)"]
[Date "????.??.??"]
[Round "7.83"]
[White "Kryvoruchko, Vita"]
[Black "Pierquin, Bernard"]
[Result "1-0"]
[WhiteElo "2201"]
[BlackElo "1910"]
[PlyCount "53"]

1. e4 e5 2. Nf3 Nc6 3. d4 exd4 4. c3 d5 5. exd5 Qxd5 6. cxd4 Nf6 7. Nc3 Bb4 8.
Be2 O-O 9. O-O Qd8 10. Bg5 h6 11. Bh4 Bf5 12. Qb3 Rb8 13. d5 Bxc3 14. dxc6 Ba5
15. cxb7 Bb6 16. Rad1 Qe7 17. Ba6 Be6 18. Qa4 g5 19. Nxg5 hxg5 20. Bxg5 Kg7 21.
Rd3 Qc5 22. Rg3 Ng4 23. Rxg4 Bxg4 24. Qxg4 Qd4 25. Bf4+ Kh7 26. Qh5+ Kg8 27.
Be5 1-0

[Event "Cappelle-la-Grande 2014"]
[Site "Cappelle-la-Grande (FRA)"]
[Date "????.??.??"]
[Round "7.84"]
[White "Roos, Adrian"]
[Black "Fleurquin, Bryan"]
[Result "1-0"]
[WhiteElo "2198"]
[BlackElo "1887"]
[PlyCount "128"]

1. d4 d5 2. c4 c6 3. Nf3 Nf6 4. Nc3 e6 5. Bg5 Be7 6. e3 Ne4 7. Nxe4 dxe4 8.
Bxe7 Qxe7 9. Nd2 f5 10. c5 O-O 11. Bc4 b5 12. Bb3 a5 13. a3 Na6 14. O-O Nc7 15.
f3 a4 16. Ba2 Nd5 17. Qe1 Qg5 18. f4 Qh5 19. Bxd5 exd5 20. Rf2 Be6 21. Nb1 Rf6
22. Nc3 Rh6 23. g3 Qe8 24. Rg2 Bf7 25. g4 fxg4 26. Rxg4 Bh5 27. Rg5 Rg6 28. Qg3
Ra7 29. Kf2 Rxg5 30. Qxg5 h6 31. Qg3 Qb8 32. Na2 Rf7 33. Nb4 Qc8 34. Rg1 Qd7
35. Ke1 Rf6 36. Qh4 Rg6 37. Rxg6 Bxg6 38. Kd2 Be8 39. Kc3 Kh7 40. Na2 Kg8 41.
Kb4 Kh7 42. Nc3 Qf5 43. Ne2 g5 44. fxg5 Qxg5 45. Qxg5 hxg5 46. Ka5 Kg6 47. Ng3
g4 48. Kb6 Kg5 49. Kc7 Kh4 50. Nh1 Kh3 51. Nf2+ Kxh2 52. Nxg4+ Kg3 53. Nf6 Kf3
54. Nxe8 Kxe3 55. Kxc6 Kxd4 56. Nd6 Ke5 57. Kd7 e3 58. c6 e2 59. c7 e1=Q 60.
c8=Q Qh1 61. Qe8+ Kd4 62. Qe2 Qc1 63. Nxb5+ Kc5 64. Nc3 d4 1-0

[Event "Cappelle-la-Grande 2014"]
[Site "Cappelle-la-Grande (FRA)"]
[Date "????.??.??"]
[Round "7.85"]
[White "Peric, Slavisa"]
[Black "Leimeister, Winfried"]
[Result "1-0"]
[WhiteElo "2183"]
[BlackElo "1876"]
[PlyCount "71"]

1. d4 Nf6 2. Nc3 g6 3. e4 c5 4. d5 d6 5. Bb5+ Bd7 6. a4 Bg7 7. Nf3 O-O 8. h3 e5
9. O-O h6 10. Ne1 Nh5 11. Nd3 Qh4 12. Bxd7 Nxd7 13. Qg4 Qxg4 14. hxg4 Nhf6 15.
f3 c4 16. Nf2 Nc5 17. Nb5 Rfd8 18. a5 Bf8 19. Nd1 Rdc8 20. Ne3 Na6 21. Bd2 Rc5
22. Na3 Rac8 23. Nb1 Be7 24. Ra4 Bd8 25. Na3 Ne8 26. Nexc4 R5c7 27. b3 Kg7 28.
Nb5 Rd7 29. Nxa7 b5 30. axb6 Rxc4 31. Rxa6 Rxc2 32. Ba5 Rb7 33. Nc6 Bg5 34. f4
Bxf4 35. Rf3 Nf6 36. g3 1-0

[Event "Cappelle-la-Grande 2014"]
[Site "Cappelle-la-Grande (FRA)"]
[Date "????.??.??"]
[Round "7.86"]
[White "Maes, Tibo"]
[Black "Lacrosse, Marc"]
[Result "0-1"]
[WhiteElo "1914"]
[BlackElo "2183"]
[PlyCount "128"]

1. e4 e5 2. f4 Bc5 3. Nf3 d6 4. Nc3 Nf6 5. Bc4 Nc6 6. d3 Bg4 7. Na4 Bxf3 8.
Qxf3 Nd4 9. Qd1 b5 10. Bxf7+ Kxf7 11. Nxc5 dxc5 12. fxe5 Nd7 13. O-O+ Ke8 14.
c3 Ne6 15. d4 cxd4 16. cxd4 Nxe5 17. dxe5 Qxd1 18. Rxd1 Ke7 19. Be3 Rhd8 20.
Kf2 Rxd1 21. Rxd1 a6 22. Ke2 Rd8 23. Rxd8 Kxd8 24. b4 Kd7 25. Kf3 Nd8 26. Kf4
Ke6 27. Bd4 Nb7 28. a3 a5 29. g4 axb4 30. axb4 Nd8 31. h4 Nc6 32. Bc3 Nb8 33.
h5 Na6 34. Ke3 c5 35. bxc5 Nxc5 36. g5 g6 37. h6 Na4 38. Ba5 Nc5 39. Bc7 Kd7
40. Bd6 Ne6 41. Bb4 Nxg5 42. Kd4 Ke6 43. Bc3 Nf3+ 44. Kc5 g5 45. Kxb5 g4 46.
Ba5 g3 47. Bb6 g2 48. Kc6 Kxe5 49. Bf2 Kxe4 50. Kd6 Kf5 51. Ke7 Kg6 52. Ke6
g1=Q 53. Bxg1 Nxg1 54. Ke5 Nf3+ 55. Kf4 Ng5 56. Kg4 Kxh6 57. Kh4 Kg6 58. Kg4
h5+ 59. Kh4 Ne4 60. Kh3 Kg5 61. Kh2 Kg4 62. Kg2 h4 63. Kh2 h3 64. Kg1 Kg3 0-1

[Event "Cappelle-la-Grande 2014"]
[Site "Cappelle-la-Grande (FRA)"]
[Date "????.??.??"]
[Round "7.87"]
[White "Manne, Jean-Luc"]
[Black "Rendboe, John"]
[Result "0-1"]
[WhiteElo "1891"]
[BlackElo "2173"]
[PlyCount "74"]

1. e4 c5 2. Nc3 Nc6 3. g3 g6 4. Bg2 Bg7 5. f4 d6 6. Nf3 e6 7. O-O Nge7 8. h3
O-O 9. g4 f5 10. exf5 exf5 11. g5 d5 12. d3 d4 13. Ne2 Nd5 14. h4 Re8 15. h5
Qd6 16. hxg6 hxg6 17. Nh4 Ne3 18. Bxe3 Rxe3 19. Bf3 Bd7 20. Ng2 Ree8 21. Re1
Be6 22. Kf2 Rab8 23. Qd2 b5 24. b3 Ne7 25. a4 a6 26. axb5 axb5 27. Ra7 c4 28.
bxc4 bxc4 29. Rea1 cxd3 30. cxd3 Nd5 31. R1a6 Qb4 32. Qd1 Nc3 33. Qh1 Bf7 34.
Rf6 Bxf6 35. gxf6 Qd6 36. Qh6 Qxf6 37. Nxc3 dxc3 0-1

[Event "Cappelle-la-Grande 2014"]
[Site "Cappelle-la-Grande (FRA)"]
[Date "????.??.??"]
[Round "7.88"]
[White "Stilmant, Thierry"]
[Black "Kienitz, Andre"]
[Result "1-0"]
[WhiteElo "1877"]
[BlackElo "2152"]
[PlyCount "71"]

1. b3 d5 2. Bb2 c6 3. e3 Nf6 4. Be2 Bf5 5. g4 Bc8 6. h4 Qc7 7. f4 Nbd7 8. d3 e5
9. g5 Ng8 10. Nh3 Bd6 11. Nd2 Ne7 12. Bg4 Nf8 13. Bxc8 Rxc8 14. Qg4 Rg8 15.
O-O-O Qd7 16. Qf3 exf4 17. Nxf4 Qf5 18. Rhf1 Bxf4 19. exf4 Ne6 20. Rde1 f6 21.
Qe3 Kf7 22. h5 Rge8 23. gxf6 gxf6 24. Qxa7 Rc7 25. Kb1 c5 26. Re2 Nc8 27. Qa4
Qxh5 28. Nf3 Qh3 29. Ref2 Nd6 30. Ng5+ fxg5 31. fxg5+ Kg8 32. Be5 Rd8 33. Bxd6
Qxf1+ 34. Rxf1 Rxd6 35. Qe8+ Kg7 36. Rf6 1-0

[Event "Cappelle-la-Grande 2014"]
[Site "Cappelle-la-Grande (FRA)"]
[Date "????.??.??"]
[Round "7.89"]
[White "Manet, Anthony"]
[Black "Tomczak, Mikolaj"]
[Result "0-1"]
[WhiteElo "1863"]
[BlackElo "2138"]
[PlyCount "88"]

1. e4 c5 2. c3 d5 3. exd5 Qxd5 4. Nf3 e6 5. Be2 Nf6 6. O-O Nc6 7. Na3 Qd8 8.
Nc2 Be7 9. d4 O-O 10. dxc5 Bxc5 11. Qxd8 Rxd8 12. Be3 Bxe3 13. Nxe3 b6 14. Rfd1
Bb7 15. Rxd8+ Rxd8 16. Rd1 Rc8 17. Nc4 Rc7 18. Nfe5 Kf8 19. Bf3 Nxe5 20. Nxe5
Bxf3 21. Nxf3 Ke7 22. Kf1 Nd7 23. Ke2 a6 24. Rd4 f6 25. Nd2 Rb7 26. Nc4 Nc5 27.
f3 b5 28. Ne3 Na4 29. Nd1 Rc7 30. Rd3 h5 31. b3 Nb6 32. Ne3 g6 33. Kd2 Nd7 34.
f4 f5 35. c4 Nc5 36. Rd4 Ne4+ 37. Kd3 b4 38. Nc2 a5 39. Ke3 Nc3 40. a3 a4 41.
Nxb4 axb3 42. Rd2 Na4 43. Rd3 b2 44. Rb3 Nc3 0-1

[Event "Cappelle-la-Grande 2014"]
[Site "Cappelle-la-Grande (FRA)"]
[Date "????.??.??"]
[Round "7.90"]
[White "Senders, Mischa"]
[Black "Tomme, Lowie"]
[Result "1-0"]
[WhiteElo "2110"]
[BlackElo "1810"]
[PlyCount "77"]

1. e4 e5 2. Nf3 Nc6 3. Bb5 a6 4. Ba4 Nf6 5. O-O Be7 6. Re1 b5 7. Bb3 O-O 8. a4
b4 9. d4 d6 10. dxe5 Nxe5 11. Nxe5 dxe5 12. Qf3 Qd6 13. Nd2 Be6 14. Bxe6 Qxe6
15. Qb3 Qxb3 16. Nxb3 Rfd8 17. Bg5 Kf8 18. Bxf6 Bxf6 19. Red1 Be7 20. Kf1 Ke8
21. Ke2 f6 22. Rxd8+ Rxd8 23. Rd1 Rxd1 24. Kxd1 Kd7 25. Kd2 Kc6 26. Kd3 Bc5 27.
f3 Bg1 28. h3 Kb6 29. Kc4 c5 30. Nd2 Bd4 31. b3 h5 32. Kd5 Kc7 33. Nc4 Kd7 34.
Nd6 h4 35. Nb7 Kc7 36. Nxc5 Bxc5 37. Kxc5 a5 38. Kb5 Kd6 39. Kb6 1-0

[Event "Cappelle-la-Grande 2014"]
[Site "Cappelle-la-Grande (FRA)"]
[Date "????.??.??"]
[Round "7.91"]
[White "Durnecker, Laurent"]
[Black "Castellanos Rodrigue, Renier"]
[Result "0-1"]
[WhiteElo "2051"]
[BlackElo "2488"]
[PlyCount "94"]

1. c4 g6 2. Nc3 Bg7 3. g3 Nf6 4. Bg2 O-O 5. e4 c5 6. Nge2 Nc6 7. O-O Ne8 8. d3
Nc7 9. Be3 Nd4 10. f4 d6 11. h3 b5 12. Bxd4 cxd4 13. Nxb5 Nxb5 14. cxb5 Qa5 15.
a4 a6 16. Qb1 Qd2 17. Rf2 axb5 18. Nc3 Qe3 19. Nd5 Qxg3 20. Nxe7+ Kh8 21. Rf3
Qh4 22. Nxc8 Raxc8 23. a5 b4 24. Qe1 Qxe1+ 25. Rxe1 Rc5 26. Ra1 Ra8 27. a6 Rc6
28. e5 Raxa6 29. Rff1 Rcb6 30. Rxa6 Rxa6 31. Rc1 Bh6 32. Rc8+ Kg7 33. exd6 Rxd6
34. Rb8 Bxf4 35. Rxb4 Be3+ 36. Kh2 Rf6 37. Bd5 Rf5 38. Rb5 g5 39. Bc4 Rf2+ 40.
Kg3 Kg6 41. h4 h6 42. Bd5 f5 43. Rb6+ Kg7 44. hxg5 hxg5 45. b4 Rd2 46. Bc4 Bf4+
47. Kf3 Bc7 0-1

[Event "Cappelle-la-Grande 2014"]
[Site "Cappelle-la-Grande (FRA)"]
[Date "????.??.??"]
[Round "7.92"]
[White "Smati, Reda"]
[Black "Naumkin, Igor"]
[Result "0-1"]
[WhiteElo "2042"]
[BlackElo "2477"]
[PlyCount "80"]

1. e4 e5 2. Nf3 Nc6 3. d4 exd4 4. Bc4 Nf6 5. e5 d5 6. Bb5 Ne4 7. Nxd4 Bd7 8.
Bxc6 bxc6 9. O-O Be7 10. f3 Nc5 11. f4 Ne4 12. Nc3 Nxc3 13. bxc3 c5 14. Nb3 Bb5
15. Rf3 Qd7 16. Ba3 Qc6 17. Rg3 g6 18. f5 gxf5 19. Qh5 f4 20. Rg7 Rf8 21. Qf5
a5 22. Re1 a4 23. Nd2 Qe6 24. Qxf4 O-O-O 25. Rxh7 Qg6 26. Rh6 Qg5 27. g3 Rg8
28. Kf2 Qxf4+ 29. gxf4 Rg4 30. Kf3 Rdg8 31. Rb1 Be8 32. Ra6 Rh4 33. Ra8+ Kd7
34. Nf1 Rh3+ 35. Ke2 Rxc3 36. Bc1 f6 37. Rxa4 Rg2+ 38. Ke1 fxe5 39. fxe5 Rcxc2
40. Bd2 Bh5 0-1

[Event "Cappelle-la-Grande 2014"]
[Site "Cappelle-la-Grande (FRA)"]
[Date "????.??.??"]
[Round "7.93"]
[White "Sharif, Mehrshad"]
[Black "Den Hartog, Marijn"]
[Result "1/2-1/2"]
[WhiteElo "2444"]
[BlackElo "2034"]
[PlyCount "90"]

1. d4 Nf6 2. c4 g6 3. Nc3 Bg7 4. Bg5 d6 5. e3 O-O 6. Nf3 h6 7. Bh4 a5 8. Be2
Nbd7 9. Qc2 Re8 10. Rd1 e5 11. O-O g5 12. dxe5 Nxe5 13. Bg3 Nfd7 14. Nd4 Nc5
15. Rd2 Nc6 16. Nf5 Nb4 17. Qb1 Bxf5 18. Qxf5 a4 19. a3 Nc6 20. Bd3 Nxd3 21.
Qxd3 Ne5 22. Qe2 Ra5 23. Rfd1 Qd7 24. Rd5 Rxd5 25. cxd5 Ra8 26. Qb5 c6 27. dxc6
bxc6 28. Qb4 c5 29. Qe4 Ra7 30. h4 Qb7 31. Qxb7 Rxb7 32. Nxa4 gxh4 33. Bf4 Nc4
34. Rd3 Nxb2 35. Nxb2 Rxb2 36. Rxd6 c4 37. Rc6 c3 38. Rc4 Ra2 39. a4 Kh7 40. e4
Rc2 41. e5 Ra2 42. Rxc3 Rxa4 43. g3 hxg3 44. Bxg3 Re4 45. Rc7 Bxe5 1/2-1/2

[Event "Cappelle-la-Grande 2014"]
[Site "Cappelle-la-Grande (FRA)"]
[Date "????.??.??"]
[Round "7.94"]
[White "De Seroux, Camille"]
[Black "Georgiadis, Nico"]
[Result "0-1"]
[WhiteElo "2038"]
[BlackElo "2441"]
[PlyCount "98"]

1. e4 e5 2. Nf3 Nc6 3. d4 exd4 4. Nxd4 Nf6 5. Nc3 Bb4 6. Nxc6 bxc6 7. Bd3 O-O
8. O-O Re8 9. Re1 d6 10. Bg5 h6 11. Bh4 Qe7 12. Qe2 Qe5 13. Bg3 Qa5 14. Qd2 Bb7
15. a3 Bxc3 16. Qxc3 Qxc3 17. bxc3 Nd7 18. Rab1 Rab8 19. f3 f6 20. Red1 Nb6 21.
Bf2 c5 22. a4 a5 23. Bb5 Red8 24. Rb3 Kf7 25. Be3 Ke7 26. Kf2 Bc8 27. Bc6 Bd7
28. Bxd7 Nxd7 29. Rdb1 Nb6 30. g4 Kd7 31. h4 Ra8 32. Ra1 g5 33. Kg3 Nc4 34. Bc1
Kc6 35. Rab1 d5 36. exd5+ Rxd5 37. f4 Re8 38. hxg5 hxg5 39. Rb8 Re1 40. Rf8
gxf4+ 41. Kf2 Rdd1 42. Rxf6+ Nd6 43. g5 Rf1+ 44. Kg2 Rg1+ 45. Kf2 Rdf1+ 46. Ke2
Rxc1 47. Rxc1 Rxc1 48. g6 Rg1 49. Kf2 Rg3 0-1

[Event "Cappelle-la-Grande 2014"]
[Site "Cappelle-la-Grande (FRA)"]
[Date "????.??.??"]
[Round "7.95"]
[White "Tuerlinckx, Ben"]
[Black "Bykhovsky, Avigdor"]
[Result "0-1"]
[WhiteElo "2023"]
[BlackElo "2421"]
[PlyCount "66"]

1. e4 c5 2. d4 cxd4 3. c3 dxc3 4. Nxc3 Nc6 5. Nf3 d6 6. Bc4 e6 7. O-O a6 8. Qe2
Nge7 9. Bg5 f6 10. Be3 b5 11. Bb3 Na5 12. Rfd1 Nec6 13. e5 fxe5 14. Ne4 d5 15.
Nfg5 Nxb3 16. axb3 Be7 17. Qf3 Bf6 18. Qh5+ g6 19. Qf3 O-O 20. Qh3 h5 21. Qg3
Kg7 22. Rac1 Qe8 23. Bc5 dxe4 24. Bxf8+ Kxf8 25. Nxe4 Be7 26. Ng5 Bxg5 27. Qxg5
Bb7 28. Rd3 Rc8 29. Rcd1 Rc7 30. h3 Kg7 31. Rd8 Qe7 32. Qxe7+ Rxe7 33. R8d7 Kf7
0-1

[Event "Cappelle-la-Grande 2014"]
[Site "Cappelle-la-Grande (FRA)"]
[Date "????.??.??"]
[Round "7.96"]
[White "Mateo, Ramon"]
[Black "Maupin, Valerie"]
[Result "1-0"]
[WhiteElo "2413"]
[BlackElo "2034"]
[PlyCount "53"]

1. e4 c5 2. Nf3 e6 3. d4 cxd4 4. Nxd4 Nf6 5. Bd3 Nc6 6. Nxc6 bxc6 7. O-O d5 8.
exd5 exd5 9. Re1+ Be7 10. Bg5 O-O 11. Qf3 Rb8 12. b3 Be6 13. Nd2 Qd7 14. h3 a5
15. Re2 h6 16. Bf4 Ra8 17. Rae1 a4 18. Be5 Rfe8 19. Nf1 axb3 20. axb3 c5 21.
Ne3 Qc6 22. c4 Red8 23. Bxf6 Bxf6 24. cxd5 Bxd5 25. Nxd5 Qxd5 26. Qxd5 Rxd5 27.
Re8+ 1-0

[Event "Cappelle-la-Grande 2014"]
[Site "Cappelle-la-Grande (FRA)"]
[Date "????.??.??"]
[Round "7.97"]
[White "Bujisho, Benjamin"]
[Black "Louis, Corentin"]
[Result "1-0"]
[WhiteElo "2376"]
[BlackElo "2030"]
[PlyCount "107"]

1. d4 Nf6 2. Nf3 g6 3. Bg5 Bg7 4. Nbd2 d6 5. e4 O-O 6. c3 c5 7. dxc5 dxc5 8.
Bc4 Nc6 9. h3 Qc7 10. O-O a6 11. a4 Rb8 12. Re1 b5 13. axb5 axb5 14. Bf1 e5 15.
Be3 Nd8 16. b4 Ne6 17. Ng5 Nxg5 18. Bxg5 c4 19. Qf3 Nh5 20. g3 Be6 21. Ra5 Qd7
22. Qg2 Nf4 23. gxf4 Qxd2 24. Re3 h6 25. f5 hxg5 26. fxe6 fxe6 27. Ra6 Rf6 28.
Qg3 Rbf8 29. Re2 Qc1 30. Rb6 Rf3 31. Qg4 R8f6 32. Rxb5 Rd3 33. Rb8+ Kh7 34. Ra2
Rd1 35. Qg2 Rf7 36. b5 Qb1 37. Rba8 Rfd7 38. Ra1 Qxa1 39. Rxa1 Rxa1 40. Kh2 Bh6
41. Bxc4 Rdd1 42. Qf3 g4 43. Qf7+ Kh8 44. hxg4 Rh1+ 45. Kg2 Rag1+ 46. Kf3 Rh3+
47. Ke2 Rxc3 48. Qxe6 Rc2+ 49. Kd3 Rd2+ 50. Kc3 Rc1+ 51. Kb3 Rb1+ 52. Ka4 Ra1+
53. Kb4 Rb1+ 54. Ka5 1-0

[Event "Cappelle-la-Grande 2014"]
[Site "Cappelle-la-Grande (FRA)"]
[Date "????.??.??"]
[Round "7.98"]
[White "Mannion, Stephen R"]
[Black "Guilbert, Jean-Louis"]
[Result "1-0"]
[WhiteElo "2365"]
[BlackElo "2021"]
[PlyCount "73"]

1. e4 c5 2. Nf3 Nc6 3. d4 cxd4 4. Nxd4 e5 5. Nb5 a6 6. Nd6+ Bxd6 7. Qxd6 Qf6 8.
Qxf6 Nxf6 9. Nc3 Nb4 10. Kd2 d5 11. a3 d4 12. axb4 dxc3+ 13. Ke3 cxb2 14. Bxb2
O-O 15. f3 Re8 16. Be2 Bd7 17. Rhd1 Rac8 18. c4 Be6 19. c5 Nd7 20. Rd6 f6 21.
Rad1 Rc7 22. R1d2 Kf7 23. Bd1 Nb8 24. g3 Nc6 25. Ba4 Ree7 26. Bc3 Red7 27. f4
exf4+ 28. gxf4 Rxd6 29. cxd6 Rc8 30. f5 Bc4 31. Bxc6 bxc6 32. Kd4 Bb5 33. Kc5
Rd8 34. e5 fxe5 35. Bxe5 Rd7 36. Rg2 Kf8 37. Rxg7 1-0

[Event "Cappelle-la-Grande 2014"]
[Site "Cappelle-la-Grande (FRA)"]
[Date "????.??.??"]
[Round "7.99"]
[White "Clery, Nicolas"]
[Black "Haverkamp, Klaus"]
[Result "1-0"]
[WhiteElo "2355"]
[BlackElo "2018"]
[PlyCount "59"]

1. d4 Nf6 2. c4 g6 3. Nc3 Bg7 4. e4 O-O 5. Nf3 d6 6. Be2 Na6 7. O-O e5 8. Be3
Qe8 9. dxe5 dxe5 10. Nd2 Be6 11. a3 Rd8 12. h3 b6 13. b4 c5 14. Nd5 cxb4 15.
axb4 Bc8 16. b5 Nxd5 17. cxd5 Nc5 18. Rxa7 f5 19. Bxc5 bxc5 20. b6 Rf7 21. Qb3
Rb7 22. Rfa1 Qf7 23. Bb5 Qf6 24. Rxb7 Bxb7 25. Bc6 Rb8 26. Ra7 Bc8 27. b7 Qd8
28. d6+ Kf8 29. bxc8=Q Rxb3 30. Qxd8# 1-0

[Event "Cappelle-la-Grande 2014"]
[Site "Cappelle-la-Grande (FRA)"]
[Date "????.??.??"]
[Round "8.13"]
[White "Dumitrache, Dragos"]
[Black "Vorobiov, Evgeny E"]
[Result "1/2-1/2"]
[WhiteElo "2453"]
[BlackElo "2590"]
[PlyCount "49"]

1. d4 Nf6 2. c4 g6 3. Nc3 d5 4. Bg5 Ne4 5. Bh4 Nxc3 6. bxc3 dxc4 7. Qa4+ Qd7 8.
Qxc4 b6 9. Nf3 Bg7 10. e3 Ba6 11. Qb3 Bxf1 12. Kxf1 Nc6 13. Ke2 Na5 14. Qb4 O-O
15. Rhd1 e6 16. Kf1 Qd5 17. Qa4 Rfc8 18. Rac1 Qc4+ 19. Qxc4 Nxc4 20. Ke2 c5 21.
Be7 Nb2 22. Rd2 Nc4 23. Rdd1 Nb2 24. Rd2 Nc4 25. Rdd1 1/2-1/2

[Event "Cappelle-la-Grande 2014"]
[Site "Cappelle-la-Grande (FRA)"]
[Date "????.??.??"]
[Round "8.14"]
[White "Vazquez Igarza, Renier"]
[Black "Bailet, Pierre"]
[Result "1/2-1/2"]
[WhiteElo "2577"]
[BlackElo "2477"]
[PlyCount "117"]

1. Nf3 Nf6 2. c4 g6 3. Nc3 Bg7 4. e4 d6 5. d4 O-O 6. Be2 e5 7. Be3 h6 8. O-O
Ng4 9. Bc1 Nc6 10. d5 Ne7 11. Ne1 f5 12. Bxg4 fxg4 13. Nc2 g5 14. Ne3 Rf4 15.
f3 gxf3 16. Rxf3 Bd7 17. Bd2 c6 18. Nf5 Nxf5 19. Bxf4 exf4 20. exf5 Bxf5 21.
Qd2 Qb6+ 22. Kh1 Re8 23. h3 Qc5 24. dxc6 bxc6 25. Rd1 Re6 26. b3 Re3 27. Na4
Qe5 28. Qxd6 Re1+ 29. Kh2 Rxd1 30. Qxd1 Be4 31. Rf2 f3+ 32. g3 h5 33. Rxf3 h4
34. Qe2 Qd4 35. gxh4 Be5+ 36. Kg2 gxh4 37. b4 Bxf3+ 38. Qxf3 Qd2+ 39. Qf2 Qxb4
40. Qc2 Qd6 41. Nc3 Qf6 42. Ne4 Qf4 43. Qd3 Qh2+ 44. Kf1 Qh1+ 45. Ke2 Qh2+ 46.
Nf2 Bg3 47. Qg6+ Kf8 48. Qf6+ Kg8 49. Qd8+ Kf7 50. Qd7+ Kf8 51. Qc8+ Ke7 52.
Qb7+ Kd6 53. Qxa7 Qxf2+ 54. Qxf2 Bxf2 55. Kxf2 Kc5 56. Ke3 Kxc4 57. Kd2 Kb4 58.
Kc2 Ka3 59. Kb1 1/2-1/2

[Event "Cappelle-la-Grande 2014"]
[Site "Cappelle-la-Grande (FRA)"]
[Date "????.??.??"]
[Round "8.15"]
[White "Santiago, Yago de Moura"]
[Black "Burmakin, Vladimir"]
[Result "1-0"]
[WhiteElo "2446"]
[BlackElo "2568"]
[PlyCount "69"]

1. e4 c6 2. d4 d5 3. e5 Bf5 4. h4 Qc8 5. c4 dxc4 6. Bxc4 e6 7. Nc3 h6 8. Nge2
Ne7 9. Ng3 Bh7 10. Nce4 Nf5 11. Nxf5 Bxf5 12. Nd6+ Bxd6 13. exd6 Qd8 14. Bf4
Nd7 15. Qe2 Qf6 16. Be5 Qg6 17. O-O-O h5 18. f3 Nf6 19. b3 b5 20. Bd3 Bxd3 21.
Rxd3 Nd5 22. Kb2 Kd7 23. Rd2 a5 24. a3 a4 25. b4 Qh6 26. Rc1 f6 27. Rxc6 Kxc6
28. Rc2+ Kb6 29. Rc5 Ra6 30. Qxb5+ Ka7 31. Qd7+ Ka8 32. Qxe6 Nb6 33. d7 fxe5
34. Qe8+ Ka7 35. Rc7# 1-0

[Event "Cappelle-la-Grande 2014"]
[Site "Cappelle-la-Grande (FRA)"]
[Date "????.??.??"]
[Round "8.16"]
[White "Baryshpolets, Andrey"]
[Black "Hasangatin, Ramil"]
[Result "1/2-1/2"]
[WhiteElo "2558"]
[BlackElo "2494"]
[PlyCount "93"]

1. d4 Nf6 2. c4 e6 3. g3 Bb4+ 4. Nd2 c5 5. a3 Bxd2+ 6. Qxd2 cxd4 7. Nf3 b6 8.
Bg2 Bb7 9. Qxd4 Nc6 10. Qc3 Rc8 11. O-O Ne7 12. Rd1 Nf5 13. b3 Qe7 14. a4 Ne4
15. Qc2 Nc5 16. Bf4 a5 17. Bh3 Bxf3 18. exf3 g5 19. Qc3 O-O 20. Bc1 Ng7 21. b4
axb4 22. Qxb4 Rb8 23. Be3 Rfc8 24. f4 h6 25. fxg5 hxg5 26. Rab1 Ra8 27. Qd2
Rxa4 28. Bxg5 f6 29. Be3 Rxc4 30. Rxb6 d5 31. Bxc5 R4xc5 32. Re1 Kf7 33. Qh6
R5c6 34. Rxc6 Rxc6 35. Bg4 Kg8 36. Bh5 Nxh5 37. Qxh5 Qf7 38. Qg4+ Qg7 39. Qa4
Qc7 40. Qa8+ Kg7 41. Kg2 Qd7 42. Rb1 d4 43. Rb7 Rc7 44. Rb8 Qc6+ 45. Qxc6 Rxc6
46. Rd8 e5 47. g4 1/2-1/2

[Event "Cappelle-la-Grande 2014"]
[Site "Cappelle-la-Grande (FRA)"]
[Date "????.??.??"]
[Round "8.17"]
[White "Abergel, Thal"]
[Black "Spraggett, Kevin"]
[Result "0-1"]
[WhiteElo "2426"]
[BlackElo "2557"]
[PlyCount "98"]

1. e4 c5 2. Nf3 e6 3. d4 cxd4 4. Nxd4 a6 5. Bd3 Bc5 6. Nb3 Ba7 7. Qe2 d6 8. Be3
Nc6 9. a4 Bxe3 10. Qxe3 Nf6 11. Nc3 b6 12. O-O O-O 13. Rad1 Qc7 14. f4 Bb7 15.
Qh3 Nb4 16. Rde1 Nxd3 17. cxd3 b5 18. a5 Rfe8 19. Rc1 Qe7 20. Qe3 e5 21. fxe5
Qxe5 22. Qf4 Qxf4 23. Rxf4 Rac8 24. Rff1 Nd7 25. Na2 Nc5 26. Nxc5 dxc5 27. b3
Red8 28. b4 Rxd3 29. bxc5 Bxe4 30. Rfd1 Rxd1+ 31. Rxd1 Kf8 32. Rc1 Bd5 33. Nb4
Bc4 34. Rd1 Rxc5 35. Nxa6 Rd5 36. Re1 Rd2 37. Nc7 g6 38. Ra1 Rd7 39. Na6 Ra7
40. Nb4 Ke8 41. Kf2 Kd7 42. Ke3 Kd6 43. Kd4 Be6 44. a6 h5 45. h4 Bc4 46. Re1
Ra8 47. Re5 Rc8 48. Rg5 Rc7 49. Kc3 f6 0-1

[Event "Cappelle-la-Grande 2014"]
[Site "Cappelle-la-Grande (FRA)"]
[Date "????.??.??"]
[Round "8.18"]
[White "Lazarev, Vladimir"]
[Black "Brodsky, Michail"]
[Result "1/2-1/2"]
[WhiteElo "2422"]
[BlackElo "2554"]
[PlyCount "108"]

1. d4 Nf6 2. c4 e6 3. Nc3 Bb4 4. Qc2 O-O 5. a3 Bxc3+ 6. Qxc3 b6 7. Bg5 Bb7 8.
e3 d6 9. Nf3 Nbd7 10. Nd2 Rc8 11. f3 c5 12. b4 e5 13. dxc5 dxc5 14. Qb2 h6 15.
Bh4 Qe7 16. Be2 Qe6 17. b5 Ne8 18. a4 a6 19. O-O Nd6 20. Qc3 a5 21. Rad1 Nf5
22. Bf2 Nf6 23. Nb3 Rfd8 24. Rxd8+ Rxd8 25. Rd1 Rxd1+ 26. Bxd1 g5 27. e4 Nd4
28. Nd2 Ne8 29. h4 Nd6 30. hxg5 hxg5 31. g4 f6 32. Qd3 Bc8 33. Bb3 Qf7 34. Ba2
Be6 35. Kg2 Kg7 36. Bg3 Kf8 37. Bf2 Ke7 38. Bg3 Qg8 39. Kg1 Bf7 40. Kg2 Ne6 41.
Qf1 Nf4+ 42. Kf2 Qd8 43. Ke1 Ne8 44. Kd1 Qd4 45. Kc2 Qe3 46. Bf2 Qa3 47. Bb3
Nc7 48. Nb1 Qa1 49. Qe1 Nce6 50. Qc3 Qxc3+ 51. Kxc3 Ne2+ 52. Kb2 N6f4 53. Be3
Ng2 54. Bf2 Ngf4 1/2-1/2

[Event "Cappelle-la-Grande 2014"]
[Site "Cappelle-la-Grande (FRA)"]
[Date "????.??.??"]
[Round "8.19"]
[White "Piscopo, Pierluigi"]
[Black "Szabo, Gergely-Andras-Gyul"]
[Result "0-1"]
[WhiteElo "2407"]
[BlackElo "2551"]
[PlyCount "66"]

1. e4 e6 2. d4 d5 3. Nd2 c5 4. c3 cxd4 5. cxd4 dxe4 6. Nxe4 Bb4+ 7. Nc3 Nf6 8.
Nf3 O-O 9. Bd3 b6 10. O-O Bb7 11. Bg5 Nbd7 12. Re1 Rc8 13. Re3 h6 14. Bxf6 Nxf6
15. Ne5 Bxc3 16. bxc3 Nd5 17. Rg3 Rxc3 18. h3 f5 19. Qd2 Qh4 20. Ba6 Bxa6 21.
Rxc3 Nxc3 22. Qxc3 Bb7 23. Rc1 Qg5 24. d5 Bxd5 25. f3 f4 26. h4 Qf5 27. Qd4 Qf6
28. h5 Rd8 29. Qc3 Bxa2 30. Qc7 Bb3 31. Ng6 Kh7 32. Qxa7 Qd4+ 33. Kh2 Rd5 0-1

[Event "Cappelle-la-Grande 2014"]
[Site "Cappelle-la-Grande (FRA)"]
[Date "????.??.??"]
[Round "8.20"]
[White "Kukov, Velislav"]
[Black "Arizmendi Martinez, Julen Luis"]
[Result "1/2-1/2"]
[WhiteElo "2399"]
[BlackElo "2547"]
[PlyCount "121"]

1. d4 d6 2. Nf3 g6 3. Bf4 Bg7 4. e3 Nf6 5. h3 O-O 6. Be2 c5 7. c3 Be6 8. O-O
Qb6 9. Qc2 Rc8 10. dxc5 Qxc5 11. e4 Nc6 12. Be3 Qa5 13. Ng5 Bd7 14. Nd2 d5 15.
Nb3 Qc7 16. Nc5 Be8 17. Rad1 Rd8 18. Qb3 Na5 19. Qb4 b6 20. Na6 Qb7 21. e5 Nc6
22. Qh4 Nxe5 23. Bf4 Nc4 24. Nc7 Rac8 25. b3 h6 26. Nge6 fxe6 27. Nxe6 Nd6 28.
Bd3 h5 29. Nxg7 Kxg7 30. Qg5 Nde4 31. Qh6+ Kf7 32. f3 Bd7 33. fxe4 Rh8 34. Qg5
dxe4 35. Bc4+ Rxc4 36. bxc4 Bf5 37. Be5 Qc6 38. Kh1 Qe6 39. Bxf6 Qxf6 40. Qe3
Kg7 41. Rd5 Rc8 42. c5 Rc6 43. Kg1 h4 44. Qd4 bxc5 45. Rxc5 Qxd4+ 46. cxd4 Ra6
47. Rf2 Ra4 48. Rd2 Ra3 49. Rb5 Kf6 50. Rb3 Ra5 51. a3 Kg5 52. Kf2 Kf4 53. Rdb2
Ra4 54. Rd2 Rc4 55. Re3 a5 56. d5 a4 57. Rb2 Ke5 58. Rb4 Rxb4 59. axb4 Kxd5 60.
Rc3 Kd4 61. Rc7 1/2-1/2

[Event "Cappelle-la-Grande 2014"]
[Site "Cappelle-la-Grande (FRA)"]
[Date "????.??.??"]
[Round "8.23"]
[White "Jovanic, Ognjen"]
[Black "Lorscheid, Gerhard"]
[Result "1-0"]
[WhiteElo "2526"]
[BlackElo "2229"]
[PlyCount "115"]

1. d4 d6 2. Nf3 g6 3. c4 Bg7 4. Nc3 Nf6 5. Bg5 O-O 6. e3 h6 7. Bh4 Bf5 8. Nd2
c5 9. d5 Qa5 10. f3 g5 11. Bf2 Bh7 12. Be2 Nbd7 13. O-O Rfe8 14. f4 e6 15. Bg3
Qb6 16. Qc1 a6 17. a4 Qc7 18. Ra3 Rad8 19. Kh1 exd5 20. cxd5 Nb6 21. fxg5 hxg5
22. e4 Bg6 23. a5 Nc8 24. Bd1 Qe7 25. Rb3 Qc7 26. h3 Rd7 27. Ra3 Rde7 28. Bf3
Qd7 29. Qd1 Qd8 30. Bh2 Nd7 31. Bg4 Ne5 32. Bf5 Bxf5 33. Rxf5 f6 34. Bxe5 Rxe5
35. Rxe5 Rxe5 36. Nc4 Re8 37. Qg4 Re7 38. Ne3 Qd7 39. Nf5 Rf7 40. Ne2 Qb5 41.
Nxg7 Kxg7 42. Ng3 Qxb2 43. Rf3 Ne7 44. Qd7 Qa1+ 45. Kh2 Qe5 46. Qxb7 Nf5 47.
Qxa6 Nxg3 48. Rxg3 Qxe4 49. Qxd6 Qd4 50. Rg4 Qe3 51. a6 Ra7 52. Rg3 Qd4 53. Rg4
Qe3 54. h4 Qe2 55. Qg3 Qxa6 56. hxg5 f5 57. Rh4 Qe2 58. Qc3+ 1-0